Species identification and discriminative concentration estimation of microbial particles by laser scattering /
Saved in:
| Main Author: | |
|---|---|
| Format: | Thesis Book |
| Language: | English |
| Published: |
1976
|
| Subjects: | |
| Tags: |
Add Tag
No Tags, Be the first to tag this record!
|
| LEADER | 00828cam a2200253 4500 | ||
|---|---|---|---|
| 001 | u53785 | ||
| 003 | SIRSI | ||
| 008 | 880301s1976 us v 0 eng | ||
| 015 | |a X870082765 | ||
| 035 | |a AAF-7822 | ||
| 040 | |a UMM | ||
| 050 | 1 | |a QR69.L3 | |
| 090 | 0 | 0 | |a QR69 |b L3Shi |
| 100 | 1 | 0 | |a Shimizu, Koichi, |d 1950- |
| 245 | 1 | 0 | |a Species identification and discriminative concentration estimation of microbial particles by laser scattering / |c by Koichi Shimizu |
| 260 | |c 1976 | ||
| 300 | |a xi, 174 leaves ; |c 28cm | ||
| 502 | |a Dissertation (M.Sc.) -- University of Washington, 1976 | ||
| 504 | 0 | 0 | |a Bibliography: leaves 138-140 |
| 650 | 0 | |a Lasers in microbiology | |
| 650 | 0 | |a Bacteria |x Identification | |
| 948 | |a 16/03/1991 |b 28/08/2002 | ||
| 596 | |a 1 | ||
| 999 | |a QR69 L3SHI |w LC |c 1 |i A010417855 |l STACKS |m P01UTAMA |r Y |s Y |t TESIS |u 17/3/1992 | ||
